000 00813nam a2200229Ia 4500
005 20250108125138.0
008 008 250107s9999 xx 000 0 hin d
020 _a978-9-38544-087-8
037 _aTB
040 _aCRL
_bhin
_cCRL
041 _ahin
_2hin
084 _aV2:19 P5
084 _qCRL
100 _aफणीश सिंह, संपा.
245 0 _aयूरोप की लोकप्रिय कहानियॉं
_cफणीश सिंह, संपा.
260 _aमुजफ्फरपुर, भारत
_bअभिधा प्रकाशन
_c3457
300 _a247पृ0
365 _aINR
_b1995
650 _aहिन्दी कहानीहिन्दी साहित्य
_9729733
942 _cTB
_hV2:19 P5
999 _c1235845
_d1235845